000 00523nam a2200169 i 4500
001 150258
003 ES-MaACL
005 20230906203435.0
007 t|
008 071029s1969 sp ||||1| spa d
100 1 _aVachet, Pierre.
_9112380
245 1 3 _aEl médico en su hogar /
_cPierre Vachet ; [traducción por Marisa Martínez Ajaccio].
260 _aBarcelona :
_bEl Mueble,
_c[1969]
300 _a169 p. :
_bil. ;
_c22 cm.
700 1 _aMartínez Ajaccio, Marisa.
_977826
852 _aES-MaACL
_jC-47835
_bR.72724
999 _c150258
_d150258